[Event "WC-2012-F-00002"]
[Site "LSS email"]
[Date "2012.07.17"]
[Round "?"]
[White "Brunsteins, Daniel"]
[Black "Szabo, Eleonora"]
[Result "1-0"]
[WhiteElo "2437"]
[BlackElo "2441"]
[PlyCount "23"]
[EventDate "2012.07.23"]
[EventType "tourn (corr)"]
[EventRounds "10"]
[EventCountry "GER"]
[SourceTitle "Corr 2022"]
[Source "ChessBase"]
[SourceDate "2021.10.24"]
[SourceVersion "1"]
[SourceVersionDate "2021.10.24"]
[SourceQuality "1"]

1. d4 e6 2. Nf3 Nf6 3. c4 c5 4. d5 Bd6 5. Nc3 exd5 6. cxd5 0-0 7. Bg5 h6 8. Bh4 Bc7 9. d6 Ba5 10. e3 Re8 11. Bc4 b5 12. Bxb5 1-0

[Event "WC-2012-F-00002"]
[Site "LSS email"]
[Date "2012.07.17"]
[Round "?"]
[White "Szabo, Eleonora"]
[Black "Contreras, Juan A"]
[Result "0-1"]
[WhiteElo "2441"]
[BlackElo "2363"]
[PlyCount "32"]
[EventDate "2012.07.23"]
[EventType "tourn (corr)"]
[EventRounds "10"]
[EventCountry "GER"]
[SourceTitle "Corr 2022"]
[Source "ChessBase"]
[SourceDate "2021.10.24"]
[SourceVersion "1"]
[SourceVersionDate "2021.10.24"]
[SourceQuality "1"]

1. c4 e5 2. Nc3 Nf6 3. g3 d5 4. cxd5 Nxd5 5. Bg2 Nb6 6. d3 Be7 7. Be3 0-0 8. Rc1 Re8 9. a3 Bf8 10. Nf3 Nc6 11. 0-0 Nd4 12. Ne4 Bg4 13. Nxd4 exd4 14. Bd2 c6 15. b4 h6 16. Re1 Nd7 0-1

[Event "WC-2012-F-00002"]
[Site "LSS email"]
[Date "2012.07.17"]
[Round "?"]
[White "Szabo, Eleonora"]
[Black "Kireev, Sergey Ivanovich"]
[Result "0-1"]
[WhiteElo "2441"]
[BlackElo "2392"]
[PlyCount "50"]
[EventDate "2012.07.23"]
[EventType "tourn (corr)"]
[EventRounds "10"]
[EventCountry "GER"]
[SourceTitle "Corr 2022"]
[Source "ChessBase"]
[SourceDate "2021.10.24"]
[SourceVersion "1"]
[SourceVersionDate "2021.10.24"]
[SourceQuality "1"]

1. c4 c6 2. Nf3 d5 3. cxd5 cxd5 4. Nc3 Nf6 5. d4 Nc6 6. Bf4 a6 7. Ne5 e6 8. Nxc6 bxc6 9. e3 Bd6 10. Be2 Bxf4 11. exf4 Qd6 12. g3 c5 13. Na4 cxd4 14. Qxd4 Bd7 15. Nb6 Rb8 16. Nxd7 Nxd7 17. 0-0 0-0 18. Rfc1 Rb4 19. Qc3 a5 20. a3 Rb7 21. Rab1 a4 22. Qd4 Ra8 23. Rc2 Qb6 24. Qc3 g6 25. Rbc1 Qa7 0-1

[Event "WC-2014-S-00003"]
[Site "LSS email"]
[Date "2011.07.16"]
[Round "?"]
[White "Szabo, Eleonora"]
[Black "Yarmolyuk, Yury"]
[Result "0-1"]
[WhiteElo "2354"]
[BlackElo "2131"]
[PlyCount "26"]
[EventDate "2011.07.22"]
[EventType "tourn (corr)"]
[EventRounds "6"]
[EventCountry "GER"]
[SourceTitle "Corr 2015"]
[Source "ChessBase"]
[SourceDate "2015.07.17"]
[SourceVersion "1"]
[SourceVersionDate "2015.07.17"]
[SourceQuality "1"]

1. c4 c5 2. Nc3 Nc6 3. Nf3 g6 4. e3 Nf6 5. d4 cxd4 6. exd4 d5 7. cxd5 Nxd5 8. Qb3 Nxc3 9. Bc4 Nd5 10. Bxd5 e6 11. Bxc6+ bxc6 12. 0-0 Qd5 13. Bg5 Qxb3 0-1

[Event "LSS WC-2012-T-00005"]
[Site "LSS email"]
[Date "2010.12.19"]
[Round "?"]
[White "Szabo, Eleonora"]
[Black "Buczinski, Henryk"]
[Result "1/2-1/2"]
[WhiteElo "2354"]
[BlackElo "2200"]
[PlyCount "57"]
[EventDate "2010.12.18"]
[EventType "tourn (corr)"]
[EventRounds "10"]
[EventCountry "GER"]
[SourceTitle "Telechess CBM 153"]
[Source "ChessBase"]
[SourceDate "2013.03.14"]
[SourceVersion "1"]
[SourceVersionDate "2013.03.14"]
[SourceQuality "1"]

1. d4 Nf6 2. c4 e6 3. Nf3 d5 4. Nc3 c6 5. e3 Nbd7 6. Qc2 Bd6 7. Bd3 0-0 8. 0-0 dxc4 9. Bxc4 a6 10. Rd1 b5 11. Be2 Qc7 12. Ne4 Nxe4 13. Qxe4 e5 14. Qd3 exd4 15. Qxd4 Bc5 16. Qh4 Nf6 17. Bd2 Be7 18. h3 c5 19. Bc3 Nd5 20. Be5 Bxh4 21. Bxc7 Bxf2+ 22. Kxf2 Nxc7 23. a4 Bf5 24. Rd6 Rfd8 25. Rc6 Ne6 26. Ne5 Ng5 27. axb5 axb5 28. Rxa8 Rxa8 29. Bxb5 1/2-1/2

[Event "LSS WC-2012-T-00005"]
[Site "LSS email"]
[Date "2010.12.19"]
[Round "?"]
[White "Szabo, Eleonora"]
[Black "Tsenkov, Lyubomir"]
[Result "1/2-1/2"]
[WhiteElo "2354"]
[BlackElo "2396"]
[PlyCount "40"]
[EventDate "2010.12.18"]
[EventType "tourn (corr)"]
[EventRounds "10"]
[EventCountry "GER"]
[SourceTitle "Telechess CBM 153"]
[Source "ChessBase"]
[SourceDate "2013.03.14"]
[SourceVersion "1"]
[SourceVersionDate "2013.03.14"]
[SourceQuality "1"]

1. d4 Nf6 2. Nf3 e6 3. c4 c5 4. d5 exd5 5. cxd5 d6 6. Nc3 g6 7. e4 Bg7 8. Be2 0-0 9. Bf4 b5 10. Bxb5 Nxe4 11. Nxe4 Qa5+ 12. Qd2 Qxb5 13. Nxd6 Qxb2 14. Qxb2 Bxb2 15. Rb1 Bc3+ 16. Kd1 Bg4 17. Ke2 Nd7 18. h3 Bxf3+ 19. Kxf3 Nb6 20. Rhd1 Bd4 1/2-1/2

[Event "LSS WC-2013-S-00010"]
[Site "LSS email"]
[Date "2010.07.20"]
[Round "?"]
[White "Sidenko, Anatoly Viktorovich"]
[Black "Szabo, Eleonora"]
[Result "1-0"]
[WhiteElo "2286"]
[BlackElo "2354"]
[PlyCount "138"]
[EventDate "2010.07.25"]
[EventType "tourn (corr)"]
[EventRounds "10"]
[EventCountry "GER"]
[SourceTitle "Telechess CBM 153"]
[Source "ChessBase"]
[SourceDate "2013.03.14"]
[SourceVersion "1"]
[SourceVersionDate "2013.03.14"]
[SourceQuality "1"]

1. e4 c6 2. d4 d5 3. e5 c5 4. dxc5 Nc6 5. Bb5 e6 6. Be3 Nge7 7. c3 Nf5 8. Bd4 Bd7 9. Bxc6 Bxc6 10. Nf3 Nxd4 11. Qxd4 Qc7 12. Qe3 Bd7 13. b4 b6 14. cxb6 axb6 15. 0-0 Be7 16. Nd4 0-0 17. f4 Rfc8 18. a3 Ra7 19. Ra2 Bf8 20. Rf3 Qc4 21. Raf2 Re8 22. g4 Qc7 23. g5 Be7 24. Rh3 g6 25. Rff3 Kg7 26. Rf2 Kg8 27. Rg2 Kg7 28. Rf3 Kh8 29. Qe1 Qd8 30. Qf1 Qc8 31. h4 h5 32. gxh6 Bxh4 33. Rh3 Be7 34. Nf3 Rf8 35. Ng5 Qa6 36. Qd1 Be8 37. Qd4 Rc7 38. Kh2 b5 39. Nd2 Qxa3 40. Qd3 Rc8 41. Re3 Bd8 42. Ndf3 Bb6 43. Nd4 Qa7 44. Qd2 Qe7 45. Rd3 Bd7 46. Nc2 Ra8 47. Ne3 Bc6 48. Ng4 d4 49. Re2 Bd5 50. Rxd4 Ra2 51. Rxd5 Rxd2 52. Rdxd2 Qc7 53. Nf6 Qxc3 54. Rd7 Qc1 55. Rf2 Qe3 56. Rdd2 Qxf2+ 57. Rxf2 Bxf2 58. Nd7 Ra8 59. Nxf7+ Kg8 60. Ng5 Ra7 61. Nf6+ Kh8 62. Nxe6 Bh4 63. Nd5 Kh7 64. Kh3 Be7 65. Kg4 Kxh6 66. f5 gxf5+ 67. Kxf5 Bh4 68. Nec7 Be1 69. Nxb5 Ra4 1-0

[Event "LSS ST-2009-0-00066"]
[Site "LSS email"]
[Date "2010.01.08"]
[Round "?"]
[White "Broniek, Mariusz Maciej"]
[Black "Szabo, Eleonora"]
[Result "1/2-1/2"]
[WhiteElo "2344"]
[BlackElo "2435"]
[PlyCount "57"]
[EventDate "2009.10.30"]
[EventType "tourn (corr)"]
[EventRounds "6"]
[EventCountry "GER"]
[SourceTitle "Telechess CBM 141"]
[Source "ChessBase"]
[SourceDate "2011.03.17"]
[SourceVersion "1"]
[SourceVersionDate "2011.03.17"]
[SourceQuality "1"]

1. e4 e6 2. d4 d5 3. Nc3 Bb4 4. e5 c5 5. a3 Bxc3+ 6. bxc3 Ne7 7. Qg4 Qc7 8. Qxg7 Rg8 9. Qxh7 cxd4 10. Ne2 Nbc6 11. f4 dxc3 12. Qd3 Bd7 13. Rb1 0-0-0 14. Qxc3 d4 15. Qc4 Nd5 16. g3 Nb6 17. Qd3 Ne7 18. Nxd4 Ba4 19. Be3 Nf5 20. c3 Rh8 21. Kf2 Nxe3 22. Qxe3 Nd5 23. Qf3 Nxc3 24. Rb4 b5 25. Be2 Nd5 26. Rb2 Qc5 27. Qe4 Ne7 28. Rb4 a5 29. Qa8+ 1/2-1/2

[Event "LSS ST-2009-0-00066"]
[Site "LSS email"]
[Date "2010.01.08"]
[Round "?"]
[White "Buzas, Gyula"]
[Black "Szabo, Eleonora"]
[Result "1/2-1/2"]
[WhiteElo "2199"]
[BlackElo "2411"]
[PlyCount "42"]
[EventDate "2009.10.30"]
[EventType "tourn (corr)"]
[EventRounds "6"]
[EventCountry "GER"]
[SourceTitle "Corr 2013"]
[Source "ChessBase"]
[SourceDate "2012.11.12"]
[SourceVersion "1"]
[SourceVersionDate "2012.11.12"]
[SourceQuality "1"]
[WhiteTeam "US of America"]
[BlackTeam "US of America"]
[WhiteTeamCountry "USA"]
[BlackTeamCountry "USA"]

1. e4 e6 2. d4 d5 3. Nd2 c5 4. Ngf3 Nf6 5. e5 Nfd7 6. c3 Nc6 7. Bd3 a5 8. 0-0 Be7 9. a4 0-0 10. Nb1 f6 11. exf6 Bxf6 12. Qc2 cxd4 13. Bxh7+ Kh8 14. cxd4 Nxd4 15. Nxd4 Bxd4 16. Ra3 Nf6 17. Rh3 e5 18. Bf5+ Kg8 19. Bh7+ Kh8 20. Bf5+ Kg8 21. Bh7+ Kh8 1/2-1/2

[Event "LSS SM-2009-0-00092"]
[Site "LSS email"]
[Date "2010.01.08"]
[Round "?"]
[White "Kireev, Sergey Ivanovich"]
[Black "Szabo, Eleonora"]
[Result "1/2-1/2"]
[WhiteElo "2315"]
[BlackElo "2440"]
[PlyCount "82"]
[EventDate "2009.12.08"]
[EventType "tourn (corr)"]
[EventRounds "6"]
[EventCountry "GER"]
[SourceTitle "Telechess CBM 141"]
[Source "ChessBase"]
[SourceDate "2011.03.17"]
[SourceVersion "1"]
[SourceVersionDate "2011.03.17"]
[SourceQuality "1"]

1. e4 e6 2. d4 d5 3. Nc3 Bb4 4. e5 c5 5. a3 Bxc3+ 6. bxc3 Ne7 7. Qg4 Qc7 8. Qxg7 Rg8 9. Qxh7 cxd4 10. Ne2 Nbc6 11. f4 Bd7 12. Qd3 dxc3 13. Nxc3 0-0-0 14. Nb5 Nxe5 15. Nxc7 Nxd3+ 16. Bxd3 Kxc7 17. Bb2 Rxg2 18. Bf6 Kd6 19. h4 Ba4 20. h5 Bxc2 21. Bxc2 Rxc2 22. h6 Rdc8 23. h7 Ng6 24. h8Q Nxh8 25. Rxh8 Rxh8 26. Bxh8 Kc5 27. Be5 b5 28. Kd1 Rc4 29. Kd2 a5 30. Rf1 b4 31. axb4+ axb4 32. Rf3 Kb5 33. Re3 f6 34. Bxf6 Rxf4 35. Rxe6 Rf3 36. Kc2 Kc5 37. Bg7 Rg3 38. Be5 Rh3 39. Re7 d4 40. Rd7 b3+ 41. Kb2 Rd3 1/2-1/2

[Event "LSS SM-2009-0-00092"]
[Site "LSS email"]
[Date "2010.01.08"]
[Round "?"]
[White "Rolle, Hannes"]
[Black "Szabo, Eleonora"]
[Result "1/2-1/2"]
[WhiteElo "2122"]
[BlackElo "2410"]
[PlyCount "51"]
[EventDate "2009.12.08"]
[EventType "tourn (corr)"]
[EventRounds "6"]
[EventCountry "GER"]
[SourceTitle "Telechess CBM 147"]
[Source "ChessBase"]
[SourceDate "2012.03.16"]
[SourceVersion "1"]
[SourceVersionDate "2012.03.16"]
[SourceQuality "1"]

1. e4 e6 2. d4 d5 3. Nc3 Bb4 4. e5 c5 5. a3 Bxc3+ 6. bxc3 Ne7 7. Qg4 0-0 8. Bd3 c4 9. Bh6 Ng6 10. Bxg6 fxg6 11. Be3 Qa5 12. Ne2 Qa4 13. Ra2 Qb5 14. 0-0 Qa4 15. Rb1 Nc6 16. h4 Ne7 17. Bg5 Nf5 18. Qh3 b6 19. g4 Nh6 20. Bxh6 gxh6 21. Qe3 Qe8 22. Qxh6 Rf3 23. h5 gxh5 24. Nf4 hxg4 25. Qg5+ Kh8 26. Qf6+ 1/2-1/2

[Event "LSS ST-2009-0-00063"]
[Site "LSS email"]
[Date "2009.11.22"]
[Round "?"]
[White "Szabo, Eleonora"]
[Black "Broniek, Mariusz Maciej"]
[Result "1/2-1/2"]
[WhiteElo "2429"]
[BlackElo "2331"]
[PlyCount "88"]
[EventDate "2009.09.19"]
[EventType "tourn (corr)"]
[EventRounds "6"]
[EventCountry "GER"]
[SourceTitle "Telechess CBM 141"]
[Source "ChessBase"]
[SourceDate "2011.03.17"]
[SourceVersion "1"]
[SourceVersionDate "2011.03.17"]
[SourceQuality "1"]

1. c4 Nf6 2. Nc3 g6 3. d4 Bg7 4. e4 d6 5. Nf3 0-0 6. Be2 e5 7. 0-0 exd4 8. Nxd4 Re8 9. f3 Nh5 10. Be3 f5 11. Qb3 Nc6 12. Rad1 Kh8 13. f4 Nf6 14. Nxc6 bxc6 15. e5 Qe7 16. Bf3 Ng4 17. Bf2 Bd7 18. exd6 cxd6 19. Bxg4 fxg4 20. Qa3 c5 21. Nd5 Qd8 22. Be1 Bc6 23. Bc3 Qd7 24. Ne3 Rad8 25. Bxg7+ Qxg7 26. Nxg4 Rd7 27. Rd2 Re6 28. Qh3 Rde7 29. Qh4 Re2 30. Rfd1 Qf8 31. Qg3 R7e6 32. Rxe2 Rxe2 33. Qc3+ Kg8 34. g3 h5 35. Qd3 Re6 36. Ne3 h4 37. Rd2 Qh6 38. Ng4 Qh5 39. h3 hxg3 40. Qxg3 Kf8 41. Ne3 Kf7 42. Kh2 Ke7 43. b3 a5 44. Ng4 Qh8 1/2-1/2

[Event "LSS CP-2009-P-00027"]
[Site "LSS email"]
[Date "2009.09.27"]
[Round "?"]
[White "Hruby, Milan"]
[Black "Szabo, Eleonora"]
[Result "1/2-1/2"]
[WhiteElo "2156"]
[BlackElo "2432"]
[PlyCount "72"]
[EventDate "2009.10.01"]
[EventType "tourn (corr)"]
[EventRounds "6"]
[EventCountry "GER"]
[SourceTitle "Telechess CBM 141"]
[Source "ChessBase"]
[SourceDate "2011.03.17"]
[SourceVersion "1"]
[SourceVersionDate "2011.03.17"]
[SourceQuality "1"]

1. e4 c6 2. d4 d5 3. exd5 cxd5 4. c3 Nc6 5. Nf3 Nf6 6. Bf4 g6 7. Na3 a6 8. Bd3 Bg7 9. h3 Nh5 10. Be3 Qc7 11. Qd2 Bf5 12. Bxf5 gxf5 13. g4 Nf6 14. gxf5 Ne4 15. Qc2 Qc8 16. Rg1 Bf6 17. Qb3 Qd7 18. Nd2 Nxd2 19. Bxd2 0-0-0 20. Qc2 e5 21. dxe5 Nxe5 22. 0-0-0 Nf3 23. Rg4 h5 24. Rb4 Nxd2 25. Qxd2 Qxf5 26. Qd3 Bg5+ 27. Kb1 Qxd3+ 28. Rxd3 Rhe8 29. Rbd4 Re1+ 30. Rd1 Rxd1+ 31. Rxd1 Bh4 32. Rd2 d4 33. cxd4 Bf6 34. d5 Re8 35. Nc4 Kd7 36. Nb6+ Kd6 1/2-1/2

[Event "LSS WC-2012-S-00003"]
[Site "LSS email"]
[Date "2009.07.13"]
[Round "?"]
[White "Keller, Martin"]
[Black "Szabo, Eleonora"]
[Result "0-1"]
[WhiteElo "2191"]
[BlackElo "2459"]
[PlyCount "92"]
[EventDate "2009.07.18"]
[EventType "tourn (corr)"]
[EventRounds "10"]
[EventCountry "GER"]
[SourceTitle "Telechess CBM 141"]
[Source "ChessBase"]
[SourceDate "2011.03.17"]
[SourceVersion "1"]
[SourceVersionDate "2011.03.17"]
[SourceQuality "1"]

1. e4 c6 2. d4 d5 3. e5 c5 4. Ne2 Nc6 5. c3 e6 6. a3 Qb6 7. b4 cxd4 8. cxd4 Nge7 9. Nbc3 Nf5 10. Bb2 Be7 11. Na4 Qd8 12. g3 Bd7 13. Bh3 a5 14. Bxf5 exf5 15. b5 Na7 16. Nec3 Bxb5 17. Nxb5 Nxb5 18. 0-0 Nc7 19. Qd3 b5 20. Nc5 Bxc5 21. dxc5 Qg5 22. c6 0-0 23. f4 Qg6 24. Rac1 Rfc8 25. Rc2 h5 26. Bd4 h4 27. Kg2 Ra6 28. Rfc1 b4 29. Kf2 bxa3 30. Qxa3 a4 31. Be3 Qe6 32. Qb4 a3 33. Qb7 Raa8 34. Qb4 a2 35. Ra1 Rcb8 36. Qd6 d4 37. Bxd4 Qb3 38. Re2 Qc4 39. Qc5 Qa4 40. Raxa2 Qxa2 41. Rxa2 Rxa2+ 42. Kf3 Ne6 43. c7 Rc8 44. Qb4 Rxc7 45. Be3 Rxh2 46. g4 g6 0-1

[Event "LSS WC-2012-S-00003"]
[Site "LSS email"]
[Date "2009.07.13"]
[Round "?"]
[White "Szabo, Eleonora"]
[Black "Aguilar, Sebastian"]
[Result "1-0"]
[WhiteElo "2436"]
[BlackElo "2033"]
[PlyCount "79"]
[EventDate "2009.07.18"]
[EventType "tourn (corr)"]
[EventRounds "10"]
[EventCountry "GER"]
[SourceTitle "Telechess CBM 141"]
[Source "ChessBase"]
[SourceDate "2011.03.17"]
[SourceVersion "1"]
[SourceVersionDate "2011.03.17"]
[SourceQuality "1"]

1. d4 d5 2. c4 c6 3. Nc3 Nf6 4. Nf3 a6 5. e3 Bf5 6. Nh4 Be6 7. c5 g6 8. Bd3 Bg7 9. 0-0 0-0 10. Qc2 Bc8 11. Na4 Nbd7 12. f4 Qc7 13. Bd2 Rb8 14. Rae1 Re8 15. Bc3 Qd8 16. Nf3 Nf8 17. Nb6 N8d7 18. Ba5 Rf8 19. f5 Nxb6 20. Bxb6 Qe8 21. Bc7 Ra8 22. Be5 Qd8 23. Ng5 h6 24. Nf3 g5 25. a4 Bd7 26. h3 b5 27. cxb6 Qxb6 28. Rc1 Rfc8 29. Qc5 Qxc5 30. Rxc5 Ra7 31. Bg3 Ne4 32. Bxe4 dxe4 33. Nd2 Rb7 34. b3 e6 35. f6 Bf8 36. Rc2 Kh7 37. Be5 Kg6 38. Rfc1 h5 39. Kf2 Kf5 40. g4+ 1-0

[Event "LSS WC-2012-S-00003"]
[Site "LSS email"]
[Date "2009.07.13"]
[Round "?"]
[White "Szabo, Eleonora"]
[Black "Hrvacic, Pavle"]
[Result "1-0"]
[WhiteElo "2458"]
[BlackElo "1969"]
[PlyCount "61"]
[EventDate "2009.07.18"]
[EventType "tourn (corr)"]
[EventRounds "10"]
[EventCountry "GER"]
[SourceTitle "Telechess CBM 141"]
[Source "ChessBase"]
[SourceDate "2011.03.17"]
[SourceVersion "1"]
[SourceVersionDate "2011.03.17"]
[SourceQuality "1"]

1. d4 g6 2. c4 Bg7 3. Nc3 c5 4. d5 Bxc3+ 5. bxc3 f5 6. f3 Nf6 7. Nh3 Qa5 8. Qc2 d6 9. Bh6 Rg8 10. Bg5 Nbd7 11. Rb1 Nb6 12. e3 Nfd7 13. Qb3 Ne5 14. Bf4 Bd7 15. Bxe5 dxe5 16. Be2 g5 17. 0-0 0-0-0 18. Nf2 e6 19. Nd3 exd5 20. Nxe5 Be6 21. cxd5 Bxd5 22. Qc2 Be6 23. Rb5 Qxa2 24. Qxa2 Bxa2 25. Ra1 Rd2 26. Bd3 Kc7 27. Bxf5 Re8 28. Ng4 Nd5 29. Ra5 Bb3 30. Be4 Kb6 31. R5a3 1-0

[Event "LSS WC-2012-S-00003"]
[Site "LSS email"]
[Date "2009.07.13"]
[Round "?"]
[White "Van Tricht, Marcel"]
[Black "Szabo, Eleonora"]
[Result "1/2-1/2"]
[WhiteElo "2197"]
[BlackElo "2410"]
[PlyCount "84"]
[EventDate "2009.07.18"]
[EventType "tourn (corr)"]
[EventRounds "10"]
[EventCountry "GER"]
[SourceTitle "Corr 2013"]
[Source "ChessBase"]
[SourceDate "2012.11.12"]
[SourceVersion "1"]
[SourceVersionDate "2012.11.12"]
[SourceQuality "1"]
[WhiteTeam "US of America"]
[BlackTeam "US of America"]
[WhiteTeamCountry "USA"]
[BlackTeamCountry "USA"]

1. e4 c6 2. d4 d5 3. exd5 cxd5 4. Nf3 Nf6 5. Ne5 g6 6. Bd3 Bg7 7. 0-0 Nc6 8. Bb5 Qb6 9. Nc3 0-0 10. Bxc6 bxc6 11. Na4 Qc7 12. Re1 Ne4 13. f3 Nd6 14. c3 f6 15. Nd3 Nf7 16. Nac5 e5 17. Qa4 a5 18. Nb4 Bb7 19. Nbd3 Bc8 20. Be3 Bf5 21. Re2 Rfe8 22. Rae1 Bf8 23. Bf2 Bd6 24. Kh1 Re7 25. b4 Qc8 26. bxa5 Rea7 27. Nb4 Rxa5 28. Qxc6 Qxc6 29. Nxc6 Rxa2 30. Nb4 Rxe2 31. Rxe2 Ra1+ 32. Re1 Rxe1+ 33. Bxe1 Bxc5 34. dxc5 Be6 35. Bf2 Kf8 36. c6 Ke7 37. Bc5+ Kd8 38. Na6 Bc8 39. Bb6+ Ke7 40. Bc5+ Kd8 41. Bb6+ Ke7 42. Bc5+ Kd8 1/2-1/2

[Event "LSS ST-2009-0-00051"]
[Site "LSS email"]
[Date "2009.07.02"]
[Round "?"]
[White "Figura, Atila Gajo"]
[Black "Szabo, Eleonora"]
[Result "0-1"]
[WhiteElo "2072"]
[BlackElo "2457"]
[PlyCount "84"]
[EventDate "2009.03.27"]
[EventType "tourn (corr)"]
[EventRounds "6"]
[EventCountry "GER"]
[SourceTitle "Telechess CBM 141"]
[Source "ChessBase"]
[SourceDate "2011.03.17"]
[SourceVersion "1"]
[SourceVersionDate "2011.03.17"]
[SourceQuality "1"]

1. d4 Nf6 2. c4 e6 3. Nf3 d5 4. Nc3 Be7 5. Bf4 0-0 6. e3 c5 7. dxc5 Bxc5 8. Qc2 Nc6 9. a3 Qa5 10. 0-0-0 Be7 11. h4 a6 12. Be2 dxc4 13. Ng5 h6 14. g4 Ne5 15. Bxe5 Qxe5 16. Nf3 Qa5 17. g5 Ng4 18. Rhg1 h5 19. Nd2 Nxf2 20. Nxc4 Qc7 21. Ne4 Nxe4 22. Qxe4 Bd7 23. Kb1 Bc6 24. Qe5 Rac8 25. Bxh5 g6 26. Bg4 Bb5 27. Qxc7 Rxc7 28. Ne5 Bc5 29. Rg3 Kg7 30. Nd3 Bb6 31. Nf4 Rc4 32. h5 Bxe3 33. Rxe3 Rxf4 34. h6+ Kh7 35. Bf3 Rf5 36. Rg1 b6 37. Be4 Rf2 38. Rg2 Rf1+ 39. Kc2 Rf4 40. b3 f6 41. gxf6 Rxe4 42. Rxe4 Bc6 0-1

[Event "LSS ST-2009-0-00051"]
[Site "LSS email"]
[Date "2009.07.01"]
[Round "?"]
[White "Noble, Mark Frederick"]
[Black "Szabo, Eleonora"]
[Result "1/2-1/2"]
[WhiteElo "2392"]
[BlackElo "2504"]
[PlyCount "53"]
[EventDate "2009.03.27"]
[EventType "tourn (corr)"]
[EventRounds "6"]
[EventCountry "GER"]
[SourceTitle "Telechess CBM 137"]
[Source "ChessBase"]
[SourceDate "2010.07.15"]
[SourceVersion "1"]
[SourceVersionDate "2010.07.15"]
[SourceQuality "1"]

1. e4 c6 2. d4 d5 3. Nc3 dxe4 4. Nxe4 Bf5 5. Ng3 Bg6 6. h4 h6 7. Nf3 Nd7 8. h5 Bh7 9. Bd3 Bxd3 10. Qxd3 e6 11. Bf4 Qa5+ 12. Bd2 Qc7 13. 0-0-0 Ngf6 14. Ne4 0-0-0 15. g3 Nxe4 16. Qxe4 Bd6 17. c4 c5 18. Bc3 cxd4 19. Nxd4 a6 20. Nf3 Nf6 21. Qe2 Rd7 22. Ne5 Bxe5 23. Bxe5 Qc6 24. Rxd7 Nxd7 25. Rd1 Nxe5 26. Qxe5 Rd8 27. Rxd8+ 1/2-1/2

[Event "LSS ST-2009-0-00051"]
[Site "LSS email"]
[Date "2009.07.01"]
[Round "?"]
[White "Szabo, Eleonora"]
[Black "Bjazevic, Pavao"]
[Result "1/2-1/2"]
[WhiteElo "2411"]
[BlackElo "2333"]
[PlyCount "47"]
[EventDate "2009.03.27"]
[EventType "tourn (corr)"]
[EventRounds "6"]
[EventCountry "GER"]
[SourceTitle "Corr 2013"]
[Source "ChessBase"]
[SourceDate "2012.11.12"]
[SourceVersion "1"]
[SourceVersionDate "2012.11.12"]
[SourceQuality "1"]
[WhiteTeam "US of America"]
[BlackTeam "US of America"]
[WhiteTeamCountry "USA"]
[BlackTeamCountry "USA"]

1. d4 g6 2. c4 Bg7 3. Nc3 Nf6 4. e4 d6 5. h3 0-0 6. Bg5 Qe8 7. Bd3 e5 8. d5 Nh5 9. Qd2 Nf4 10. Bxf4 exf4 11. Nge2 f5 12. 0-0-0 fxe4 13. Bxe4 Nd7 14. Nd4 Ne5 15. Qe2 a6 16. h4 b5 17. cxb5 axb5 18. Qxb5 Qf7 19. Qe2 Ba6 20. Qc2 Rfb8 21. Ne6 Nc4 22. b3 Na3 23. Qd2 Rb4 24. Nxg7 1/2-1/2

[Event "LSS BI-2009-P-00001"]
[Site "LSS email"]
[Date "2009.04.19"]
[Round "?"]
[White "Becker, Brian R"]
[Black "Szabo, Eleonora"]
[Result "0-1"]
[WhiteElo "1918"]
[BlackElo "2482"]
[PlyCount "96"]
[EventDate "2009.04.20"]
[EventType "tourn (corr)"]
[EventRounds "10"]
[EventCountry "GER"]
[SourceTitle "Telechess CBM 137"]
[Source "ChessBase"]
[SourceDate "2010.07.15"]
[SourceVersion "1"]
[SourceVersionDate "2010.07.15"]
[SourceQuality "1"]

1. e4 c6 2. d4 d5 3. e5 c5 4. dxc5 Nc6 5. Nf3 e6 6. Be3 Nh6 7. Bxh6 gxh6 8. Bb5 Bxc5 9. c4 dxc4 10. Nc3 Qxd1+ 11. Rxd1 Bb4 12. 0-0 Bxc3 13. Bxc6+ bxc6 14. bxc3 Bb7 15. Nd2 Ke7 16. Rb1 Rab8 17. f3 Rhd8 18. Nxc4 Ba6 19. Na5 Kd7 20. Rxb8 Rxb8 21. Rd1+ Kc7 22. Nb3 Bc4 23. Na5 Bxa2 24. Rd2 Bb1 25. Rd6 Rb6 26. Kf2 Ra6 27. Nc4 Ra4 28. Nd2 Bg6 29. Ke3 Ra2 30. Nc4 Rxg2 31. Na5 Kb6 32. Nxc6 Rxh2 33. Nd4+ Kc7 34. c4 Ra2 35. f4 Ra3+ 36. Kf2 Ra4 37. c5 Rc4 38. c6 a5 39. Rd7+ Kb6 40. Ke3 h5 41. Rb7+ Ka6 42. Rb8 h4 43. Kf3 h3 44. Kg3 Be4 45. Ra8+ Kb6 46. Rb8+ Ka7 47. Rd8 Bxc6 48. Nxc6+ Rxc6 0-1